000 00663nam a2200205Ii 4500
003 JO-AjNU
008 230605s9999||||xx |||||||||||||| ||und||
040 _aJO-AjNU
_bara
_erda
_cJO-AjNU
041 _aara
050 1 4 _aBP144 2000
100 3 _aالسنوسي، عبد الرحمن بن معمر,
_eauthor
_98780
245 0 0 _aمراعاة الخلاف: بحث أصولي
250 _aط1
264 3 1 _aالرياض: مكتبة الرشد للنشر والتوزيع، 2000
300 _a130ص
336 _atext
_btxt
_2rdacontent
337 _aunmediated
_bn
_2rdamedia
338 _avolume
_bnc
_2rdacarrier
650 4 _aفقه اسلامي- اصول
_98781
999 _aA963
_c4531
_d4531